Špecifické prípady účtovania podnikateľov. 6

Účtová trieda 2 - Finančné účty. Účtovanie na devízovom účte. Účtovanie valutovej pokladnice. Účtovanie eskontných úverov. Účtovanie krátkodobého finančného majetku. Účtovanie vlastných akcií. Účtovanie emitovaných dlhopisov. Účtovanie krátkodobých dlhopisov.

Salvato in:
Dettagli Bibliografici
Autore principale: Boušková, Dagmar
Natura: Capitolo di libro
Lingua:slovacco
Soggetti:
Tags: Aggiungi Tag
Nessun Tag, puoi essere il primo ad aggiungerne!!

MARC

LEADER 00000naa a2200000 4500
001 r018812
005 20221205103240.4
041 0 |a slo 
044 |a SK 
245 1 0 |a Špecifické prípady účtovania podnikateľov. 6  |c D. Boušková 
520 |a Účtová trieda 2 - Finančné účty. Účtovanie na devízovom účte. Účtovanie valutovej pokladnice. Účtovanie eskontných úverov. Účtovanie krátkodobého finančného majetku. Účtovanie vlastných akcií. Účtovanie emitovaných dlhopisov. Účtovanie krátkodobých dlhopisov. 
610 2 0 |a účtovanie 
610 2 0 |a účty 
610 2 0 |a financie 
610 2 0 |a majetok finančný 
610 2 0 |a dlhopisy 
100 1 |a Boušková, Dagmar